000 00569nam a2200193Ia 4500
003 GCL
008 140319s9999 xx 000 0 ara d
040 _aGCL /
_cGCL
082 0 4 _a212.2
_bع هـ
100 1 _aعلاء عبدالوهاب
245 1 0 _aهمسة فى اذن الشباب /
_cعلاء عبدالوهاب
300 _a103 ص
490 _a
650 0 4 _aالاسلام
650 0 4 _aالاسلام والمجتمع
650 0 4 _aالاسلام والاصلاح الاجتماعى
650 0 4 _aالشريعة الاسلامية
942 _2ddc
_cBK
999 _c45500
_d45500